Practiotioner Research in Health care: (Record no. 787)

MARC details
000 -LEADER
fixed length control field 00607nam a22002057a 4500
003 - CONTROL NUMBER IDENTIFIER
control field OSt
005 - DATE AND TIME OF LATEST TRANSACTION
control field 20160630153919.0
008 - FIXED-LENGTH DATA ELEMENTS--GENERAL INFORMATION
fixed length control field 141126b xxu||||| |||| 00| 0 eng d
020 ## - INTERNATIONAL STANDARD BOOK NUMBER
International Standard Book Number 0412498103
040 ## - CATALOGING SOURCE
Transcribing agency DNLM
082 ## - DEWEY DECIMAL CLASSIFICATION NUMBER
Classification number WA 100
Item number P88l 1995
245 ## - TITLE STATEMENT
Title Practiotioner Research in Health care:
Remainder of title The inside Story/
Statement of responsibility, etc. Jan Reed and Sue Procter
260 ## - PUBLICATION, DISTRIBUTION, ETC. (IMPRINT)
Place of publication, distribution, etc. London :
Name of publisher, distributor, etc. ChapMan Hall;
Date of publication, distribution, etc. 1995.
300 ## - PHYSICAL DESCRIPTION
Extent xi, 208 p:
Other physical details ill ;
Dimensions 26 cm.
504 ## - BIBLIOGRAPHY, ETC. NOTE
Bibliography, etc Includes references and index.
650 ## - SUBJECT ADDED ENTRY--TOPICAL TERM
Topical term or geographic name as entry element Health care
9 (RLIN) 12
700 ## - ADDED ENTRY--PERSONAL NAME
Relator code Editor
Personal name Reed Jan
9 (RLIN) 2119
700 ## - ADDED ENTRY--PERSONAL NAME
Relator code Editor
Personal name Procter Sue
9 (RLIN) 2120
942 ## - ADDED ENTRY ELEMENTS (KOHA)
Source of classification or shelving scheme Other/Generic Classification Scheme
Koha item type Short Loan
Holdings
Withdrawn status Lost status Source of classification or shelving scheme Damaged status Not for loan Home library Current library Date acquired Source of acquisition Inventory number Total Checkouts Full call number Barcode Date last seen Price effective from Koha item type
    Other/Generic Classification Scheme     MUST Main Library MUST Main Library 26/11/2014   2001/15533   W 20.5 P88l 1995 2014-3410 26/11/2014 26/11/2014 Short Loan
    Other/Generic Classification Scheme     MUST Main Library MUST Main Library 30/06/2016   2003/18021   W 20.5 P88l 1995 2016-2913 30/06/2016 30/06/2016 Open Shelf
    Other/Generic Classification Scheme     MUST Main Library MUST Main Library 30/06/2016   2003/18022   W 20.5 P88l 1995 2016-2914 30/06/2016 30/06/2016 Open Shelf
    Other/Generic Classification Scheme     MUST Main Library MUST Main Library 30/06/2016   2003/18268   W 20.5 P88l 1995 2016-2915 30/06/2016 30/06/2016 Open Shelf
    Other/Generic Classification Scheme     MUST Main Library MUST Main Library 30/06/2016   2003/18023   W 20.5 P88l 1995 2016-2916 30/06/2016 30/06/2016 Open Shelf
    Other/Generic Classification Scheme     MUST Main Library MUST Main Library 30/06/2016   2003/18020   WA 100 P88l 1995 2016-2927 30/06/2016 30/06/2016 Short Loan